000 00984cac a2200277 a 4500
003 CO-PeBPM
005 20260414134712.0
007 ta
008 231129s9999||||xx |||||||||||||| ||spa||
020 _aISBN Tomo 1: 8476040849
020 _aISBN Tomo 2: 8476040857
040 _aCO-PeBPM
_bspa
_cCO-PeBPM
_erda
041 _aspa
082 0 4 _a182 D591v
_222
100 1 _aDiógenes, Laercio
_eautor
245 1 0 _aVida opiniones y sentencias de los filosofos mas ilustres
_c/ Diógenes Laercio; traducción José Sanz Ortiz
264 _aBarcelona, España
_b: Visión Libros
_b; Teorema
_c, c1985
300 _a2 volúmenes
_c20 centimetros
500 _aIncluyen índice al final del texto
650 1 7 _a Filosofía griega - Historia y crítica
650 1 7 _aFilósofos - Biografías
_2LEMB
650 1 7 _a Filósofos antiguos
_2LEMB
650 1 7 _aFilósofos griegos
_2LEMB
700 1 _aSanz Ortiz, José
_etraducción
942 _2ddc
_cBK
999 _c26254
_d26254